Science Quiz

Random Science Quiz

Ventral View of Sheep Brain Quiz Stats

 Plays Quiz not verified by Sporcle

Challenge
Share
Tweet
Score 0/32 Timer 15:00
0 Plays Today
Hint Answer % Correct
20optic nerve
82.6%
5pons
82.1%
19optic chiasm
79.3%
18olfactory bulb
78.3%
12optic tract
72.3%
8mammillary body
68.5%
22oculomotor nerve
64.7%
11infundibulum
62.5%
24trigeminal nerve
62%
25abducens nerve
62%
7cerebral peduncle
57.1%
26facial nerve
57.1%
31hypoglossal nerve
57.1%
1pyramidal tract
56.5%
29vagus nerve
56.5%
3olive
56%
Hint Answer % Correct
4trapezoid body
53.8%
28glossopharyngeal nerve
52.7%
9rhinal fissure
52.2%
16rhinal fissure
52.2%
2ventral median fissure
51.6%
15lateral olfactory tract
51.6%
27vestibulocochlear nerve
51.6%
30spinal accessory nerve
50.5%
32spinal accessory nerve
50.5%
17medial olfactory tract
50%
6interpeduncular fossa
40.8%
10tuber cinereum
40.8%
21periamygdaloid cortex
40.8%
13prepyriform cortex
40.2%
14olfactory tubercle
39.1%
23entorhinal cortex
39.1%

You're not logged in!

Compare scores with friends on all Sporcle quizzes.
Join for Free
OR
Log In

You Might Also Like...

Show Comments

Extras

Created Feb 25, 2014ReportFavoriteNominate
Tags:brain, sheep, view

Top Quizzes Today


Score Distribution

Your Account Isn't Verified!

In order to create a playlist on Sporcle, you need to verify the email address you used during registration. Go to your Sporcle Settings to finish the process.

Report this User

Report this user for behavior that violates our Community Guidelines.

Details: